Quizzes
Events
Quiz Creation
Community
Videos
Private Events
Remove Ads
Sign In
Join for FREE
Feedback
Dark Mode
Quiz Categories
Sports
Geography
Music
Movies
Television
Just For Fun
Miscellaneous
History
Literature
Language
Science
Gaming
Entertainment
Religion
Holiday
For Kids
Quiz Lab
Recent
Popular Today
Quiz Kudos Today
Editor Picks
Curator Picks
Quizzes by...
Day
Popularity
Type
Ratings
Length
Year
Community
Subscriptions
Recent Discussions
Orange Saloon
Badges
Playlists
Quests
Create
Leaderboards
Showdown
Live 5
Trivia Bingo
Activity
Puzzle Library
Sporcle Events
Private Events
Virtual Trivia
Globe League
Become a Host
Pub Owners
SporcleCon
Opinionation
Our Games
Videos
Blog
Mobile Apps
Partnerships
Remove Ads and Go Orange
Feedback
Sports
Athletes
MLB
NBA
NHL
NFL
Soccer
Sports Teams
WWE
NCAA
Football
Premier League
Basketball
Baseball
Hockey
Golf
Tennis
Cricket
Rugby
Auto Racing
Olympics
World Cup
Sports
Athletes
MLB
NBA
NHL
NFL
Soccer
Sports Teams
WWE
NCAA
Football
Premier League
Basketball
Baseball
Hockey
Golf
Tennis
Cricket
Rugby
Auto Racing
Olympics
World Cup
Random Quiz
Search Sporcle
×
Quiz Lab
Quiz Lab
Sports
German
Type in answers that appear in a list
Type in answers that appear in a list
Classic
Best Score? Go Orange.
German Football Stadiums Top 3 Divisions Stats
Can you name the stadium of each German football club in the top 3 divisions?
By
sverik5
15m
56 Questions
49 Plays
49 Plays
49 Plays
Comments
Comments
Give Quiz Kudos
Give Quiz Kudos
-
- Ratings
hide this ad
Forced Order
Answers have to be entered in order
Answers have to be entered in order
Replay
Link that replays current quiz
Next Quiz
Link to next quiz in quiz playlist
You Got
0%
They Got
Avg Score
41%
Avg Friend Score
Upgrade to see
Score Distribution
Jump to the score distribution portion of the page
Score
0/56
Timer
15:00
0
Plays Today
Club
Stadium
% Correct
FC Bayern München
Allianz Arena
98%
Borussia Dortmund
Signal Iduna Park
95.9%
Bayer 04 Leverkusen
BayArena
93.9%
Borussia Mönchengladbach
Borussia-Park
91.8%
Hertha BSC
Olympiastadion
91.8%
Hamburger SV
Volksparkstadion
85.7%
FC Schalke 04
Veltins-Arena
85.7%
SV Werder Bremen
Weserstadion
83.7%
Eintracht Frankfurt
Commerzbank-Arena
81.6%
VfL Wolfsburg
Volkswagen Arena
81.6%
RB Leipzig
Red Bull Arena
79.6%
TSV 1860 München
Allianz Arena
77.6%
1. FC Köln
RheinEnergieStadion
75.5%
VfB Stuttgart
Mercedes-Benz Arena
73.5%
SC Freiburg
Schwarzwald-Stadion
59.2%
FC St. Pauli
Millerntor-Stadion
59.2%
1. FSV Mainz 05
Opel Arena
57.1%
Hannover 96
HDI-Arena
55.1%
1. FC Union Berlin
Stadion an der Alten Försterei
55.1%
FC Augsburg
WWK Arena
53.1%
1. FC Kaiserslautern
Fritz-Walter-Stadion
53.1%
FC Ingolstadt
Audi Sportpark
51%
Fortuna Düsseldorf
Esprit Arena
49%
TSG 1899 Hoffenheim
Wirsol Rhein-Neckar-Arena
44.9%
SV Darmstadt 98
Jonathan-Heimes-Stadion am Böllenfalltor
40.8%
DSC Arminia Bielefeld
Schüco-Arena
40.8%
Karlsruher SC
Wildparkstadion
38.8%
VfL Bochum
Vonovia-Ruhrstadion
32.7%
Club
Stadium
% Correct
Eintracht Braunschweig
Eintracht-Stadion
30.6%
FC Hansa Rostock
Ostseestadion
30.6%
FC Erzgebirge Aue
Sparkassen-Erzgebirgsstadion
28.6%
SG Dynamo Dresden
DDV-Stadion
26.5%
VfL Osnabrück
Osnatel-Arena
22.4%
SV Sandhausen
Hardtwaldstadion
20.4%
SC Preußen Münster
Preußenstadion
20.4%
1. FC Heidenheim
Voith-Arena
18.4%
1. FC Nürnberg
Gründig-Stadion
18.4%
MSV Duisburg
Schauinsland-Reisen-Arena
18.4%
SC Fortuna Köln
Südstadion
18.4%
SpVgg Greuther Fürth
Sportpark Ronhof Thomas Sommer
16.3%
FC Würzburger Kickers
Flyeralarm Arena
16.3%
FC Rot-
Weiß Erfurt
Steigerwaldstadion
16.3%
Holstein Kiel
Holstein-Stadion
16.3%
1. FSV Mainz 05 II
Bruchwegstadion
16.3%
SC Paderborn 07
Benteler Arena
12.2%
SV Wehen Wiesbaden
BRITA-Arena
12.2%
FSV Frankfurt
Frankfurter Volksbank Stadion
10.2%
1. FC Magdeburg
MDCC-Arena
10.2%
SV Werder Bremen II
Weserstadion Platz 11
10.2%
Chemnitzer FC
Stadion an der Gellertstraße
8.2%
VfR Aalen
Scholz-Arena
6.1%
Hallescher FC
Erdgas Sportpark
6.1%
FSV Zwickau
Stadion Zwickau
6.1%
SSV Jahn Regensburg
Continental Arena
4.1%
VfL Sportfreunde Lotte
Frimo Stadion
2%
SG Sonnenhof Großaspach
Mechatronik Arena
2%
Quiz Playlist
Details
Report
Send in Message
Add To Playlist
Classic:
Type in answers that appear in a list
Forced Order:
Answers have to be entered in order
Last Updated: Feb 16, 2017
Quiz Scoreboard
CHALLENGE
Sign Up to Join the Scoreboard
Show All
Scores
Hide
Comments
May contain spoilers
Recently Published
College Basketball Coaching Resumes
by pancakes188
Sports
9m
Billboard Blitz: Fleetwood Mac
by CooCooCachoo
Music
15s
Presidents Visiting Landmarks
by Hejman
History
7m
More to Explore
Quiz From the Vault
Featured Blog Post
Where Did the Easter Bunny Come From?
hide this ad
You Might Also Like...
Tags
Football Quiz
German Quiz
bundesliga
Bundesliga Stadiums
club
Division
Today's Top Quizzes in Sports
Browse Sports
hide this ad
Today's Top Quizzes in German
Browse German
Top Contributed Quizzes in Sports
1
2022 World Cup Stars
2
Les meilleurs buteurs des matchs entre le PSG et l’OM
3
FIFA Club World Cup Champions
4
Les entraîneurs de l'OM et du PSG au 21e siècle
5
Criteria MLB: Left Handed Sluggers
6
AFC Teams Reveal (Wrong Answers Minefield)
7
5-to-1: UK Sports Teams
8
5-to-1: FBS Animal Nicknames
9
2023 MLB Unique Player Accomplishments
10
Name the Premier League winners with different clubs
Explore More
Trending Topics
NBA
Disney
Harry Potter
Kpop
Marvel
Anime
Crossword
Country
WWE
The Office
Pokémon
Song
NFL
Puzzle
Soccer
hide this ad
More By:
sverik5
Quiz
Plays
Rating
Category
Featured
Created
2018 Collingwood Players Picture Quiz
1,279
5.00
Sports
May 4, 2018
AFL Crowd Rankings 2000-2019
1,117
Sports
Aug 1, 2017
2017 Richmond Players Picture Quiz
674
5.00
Sports
Aug 31, 2017
Hard Victorian Cities and Towns Quiz
618
4.50
Geography
Jan 24, 2018
Florence + The Machine Songs by Lyric
603
Music
Jul 25, 2020
Go to Creator's Profile
Score Distribution
Quiz Creator Spotlight
sverik5
Follow
Send a Message
Quizzes Created
-
Created Quiz Play Count
-
More By This Creator
Popular Quizzes Today
1
Find the US States - No Outlines Minefield
2
Find the Countries of Europe - No Outlines Minefield
3
The Countries of the World
4
Find the US States
5
Risky Map Clicking: Biggest States A-Z
6
US States
7
Popular People in 1961
8
Movies - When Are They Set?
More Sports Quizzes
World Cup Profile: France
Quiz Lab
Trending Quizzes
Risky Map Clicking: Least Populous States A-Z
1-10 Letter G Words
1-10 Letter F Words
Risky Map Clicking: Next State Alphabetically
Risky Map Clicking: Biggest States A-Z
Recently Updated
Leaping Animals
pecheneg
Reality TV Shows (A-Z)
bhenderson79
Rickey Henderson's Hall of Fame Teammates
pecheneg
Champions League XIs: Arsenal
pecheneg
Quick Pick: Celebrities in WWE's Hall of Fame
aduchscher
A-Z Keypad Blitz II
pecheneg
Multiple Oscar Actors
pecheneg
Mystery Phrase Blitz: Oscar 'Best Actors'
pecheneg
F. Scott Fitzgerald Novels
LTH
Pick 3 Villains
ddd62291
Trending Topics
Crossword
Harry Potter
Marvel
Kpop
Disney
NBA
Anime
Country
WWE
Pokémon
Puzzle
Soccer
The Office
Song
NFL
Your Account Isn't Verified!
In order to create a playlist on Sporcle, you need to verify the email address you used during registration. Go to your
Sporcle Settings
to finish the process.
Report this User
Report this user for behavior that violates our
Community Guidelines
.
Details:
Send Report
Go to the Sporcle.com Mobile Site →
Comments